Sexuality and Disability : (Record no. 612536)

MARC details
000 -LEADER
fixed length control field 00511nam a2200193 a 4500
008 - FIXED-LENGTH DATA ELEMENTS--GENERAL INFORMATION
fixed length control field 260214s2002##################000#0#eng##
020 ## - INTERNATIONAL STANDARD BOOK NUMBER
ISBN 9780750622523
082 04 - DEWEY DECIMAL CLASSIFICATION NUMBER
Classification number 306.7087
Item number BLA
100 1# - MAIN ENTRY--AUTHOR NAME
Personal name Blackburn, Maddie,
245 10 - TITLE STATEMENT
Title Sexuality and Disability :
260 ## - PUBLICATION, DISTRIBUTION, ETC. (IMPRINT)
Name of publisher Butterworth-Heinemann Medical,
Year of publication 2002.
300 ## - PHYSICAL DESCRIPTION
Number of Pages 204 pages
650 #0 - SUBJECT ADDED ENTRY--TOPICAL TERM
Topical Term Medical.
942 ## - ADDED ENTRY ELEMENTS (KOHA)
Koha item type English Books
Holdings
Withdrawn status Lost status Damaged status Not for loan Home library Current library Shelving location Date acquired Full call number Accession Number Price effective from Koha item type
        Anna Centenary Library Anna Centenary Library 3RD FLOOR, B WING 14.02.2026 306.7087 BLA 242740 14.02.2026 English Books

Find us on the map